zpět

Detail výsledku týmu

Na Pražci, Blansko

Datum a čas kvízu

41 Celkem bodů Celkový počet nahraných bodů na tomto kvízu bez doplňovacích otázek.
4. Pořadí na kvízu Konečné umístění týmu na tomto kvízu.

Zaznamenané odpovědi

# Otázka Odpověď Body Výsledky
1. Zuzana Majerová z hnutí Trikol... Rychlé šípy 1
2. Minulý týden se na internetu o... vysokozdvižný vozík (ještěrku) 1
3. V noci z neděle na pondělí min... Adolescent (Adolescence) 1
4. Finská firma Bluefors uzavřela... na Měsíci 0
5. Jak se jmenuje český skokan do... Jan Štefela 0
6. Ve spolupráci s Radou Evropy j... 1B 2D 3A 4C 1
7. Pokud vám prozradíme, že červe... július 1
8. Jak se na V jmenuje autonomní... Vojvodina 1
9. Která z těchto knih nebyla nap... B 0
10. Pozoruhodným jazykem je velšti... křeček 0